[Event "45th FIDE Chess Olympiad Open"]
[Site "Budapest, Hungary"]
[Date "2024.09.12"]
[Round "2"]
[White "Blohberger, Felix"]
[Black "Ammar, Sedrani"]
[Result "1-0"]
[WhiteElo "2520"]
[BlackElo "2226"]
[PlyCount "115"]
[EventDate "2024.??.??"]
[WhiteTeam "Austria"]
[BlackTeam "United Arab Emirates"]
[WhiteTeamCountry "AUT"]
[BlackTeamCountry "UAE"]
[WhiteClock "0:12:11"]
[BlackClock "0:02:43"]

1. Nf3 d5 2. g3 Nf6 3. Bg2 e6 4. O-O Be7 5. c4 O-O 6. b3 b6 7. Bb2 Bb7 8. cxd5 exd5 9. d4 Re8 10. Nc3 Nbd7 11. Rc1 a6 12. e3 Bd6 13. Ne2 ({RR} 13. Ne1 Ne4 14. Nd3 Nxc3 15. Rxc3 Qe7 16. b4 Nf6 17. Qb3 a5 18. a3 Ne4 19. Rc2 a4 20. Qa2 Ba6 21. Rd1 Bc4 22. Rxc4 dxc4 23. Qxc4 Rad8 24. Qc2 c5 25. bxc5 bxc5 26. Qxa4 cxd4 27. Qxd4 Nf6 {½-½ Shankland,S (2713)-Abdusattorov,N (2598) Biel rapid 52nd 2019 (3)}) ({RR} 13. Re1 Nf8 14. Re2 Ng6 15. Rec2 h5 16. Ne2 Rc8 17. Nf4 Nxf4 18. exf4 Ne4 19. Ne5 h4 20. Qh5 Qe7 21. Re2 hxg3 22. hxg3 a5 23. Bxe4 dxe4 24. f3 g6 25. Qh6 Qf8 26. Qxf8+ Bxf8 27. fxe4 f6 {1-0 Sjugirov,S (2695)-Materia,M (2430) Titled Tue 23rd Jan Early 2024 (9)}) 13... c6 $146 ({RR} 13... Ne4 14. Nf4 Rc8 15. Bh3 Ra8 16. Rc2 Nf8 17. Qc1 Ne6 18. Nd3 f6 19. Ba3 Bxa3 20. Qxa3 a5 21. Qc1 N6g5 22. Nxg5 Nxg5 23. Bg2 Re7 24. Qb2 Qd6 25. Rfc1 Rc8 26. b4 axb4 27. Qxb4 Qd8 28. Nf4 {1-0 Laurusas,T (2507)-Perminaite,G (1873) Baltija Cup 16th 2019 (2)}) ({RR} 13... Qe7 14. Nf4 a5 15. a4 Ne4 16. Re1 g5 17. Nd3 f6 18. Nd2 Nxd2 19. Qxd2 f5 20. Qc2 Rac8 {½-½ Menezes,C (2421)-Klekowski,M (2499) BL2-Sued 1819 2018 (2.6)}) ({RR} 13... Ne4 14. Nf4 a5 15. a4 Qe7 16. Re1 Rad8 17. Re2 Nb8 18. Nd3 Na6 19. Nh4 Bc8 20. Rec2 c5 21. Qh5 Qe6 22. Rd1 c4 23. bxc4 dxc4 24. Ne5 Bxe5 25. Bxe4 g6 26. Qf3 Bg7 27. Bc6 Bd7 28. Bxd7 {½-½ Banusz,T (2606)-Zumsande,M (2490) Bundesliga 1819 2018 (15.8)}) 14. Nf4 Qc7 15. Rc2 Rad8 16. Qc1 Qb8 17. Nd3 Ne4 18. Rd1 Qa8 19. Nfe5 Nxe5 20. dxe5 Bf8 21. f3 Ng5 22. h4 Ne6 23. f4 c5 24. f5 Nc7 25. Nf4 d4 26. exd4 Bxg2 27. Rxg2 Nd5 28. Kh2 cxd4 29. Bxd4 Nxf4 30. Qxf4 Rd5 31. Rf1 Bc5 32. Bb2 Qd8 33. e6 f6 34. b4 Be7 35. Rff2 Qd6 36. a3 Qxf4 37. Rxf4 Red8 38. h5 b5 39. Rf3 Kf8 40. Rgf2 Rc8 41. Kg2 h6 42. Rc3 Rxc3 43. Bxc3 Ke8 44. g4 Rd3 45. Rf3 Rd1 46. Kf2 Bd8 47. Rg3 Rb1 48. Ke2 Rc1 49. Bd4 Rc2+ 50. Kd3 Ra2 51. Ke4 Re2+ 52. Re3 Rg2 53. Bc5 Rxg4+ 54. Kd5 Be7 55. Kc6 Rg5 56. Rd3 Rxf5 57. Rd7 Bxc5 58. bxc5 1-0

[Event "45th FIDE Chess Olympiad Open"]
[Site "Budapest, Hungary"]
[Date "2024.09.12"]
[Round "2"]
[White "Ahmed, Fareed"]
[Black "Baidetskyi, Valentin"]
[Result "1/2-1/2"]
[WhiteElo "2061"]
[BlackElo "2512"]
[PlyCount "193"]
[EventDate "2024.??.??"]
[WhiteTeam "United Arab Emirates"]
[BlackTeam "Austria"]
[WhiteTeamCountry "UAE"]
[BlackTeamCountry "AUT"]
[WhiteClock "0:02:28"]
[BlackClock "0:01:56"]

1. e4 e5 2. Nf3 Nc6 3. Bb5 a6 4. Ba4 Nf6 5. O-O d6 6. Re1 Bd7 7. c3 g6 8. d4 Bg7 9. dxe5 Nxe5 10. Nxe5 dxe5 11. Bg5 b5 12. Bb3 h6 13. Bh4 O-O 14. Nd2 ({RR} 14. a4 Qe7 15. axb5 axb5 16. Rxa8 Rxa8 17. Nd2 Kh7 18. Nf1 Rd8 19. Qe2 c6 20. Rd1 Ra8 21. Ne3 Be6 22. Qc2 Kg8 23. h3 Bxb3 24. Qxb3 g5 25. Nf5 Qe8 26. Nd6 Qe6 27. Qxe6 fxe6 28. Bg3 Rd8 {½-½ Harikrishna,P (2717)-Nakamura,H (2736) Wch Blitz Warsaw 2021 (6)}) 14... Qe8 $146 ({RR} 14... Qe7 15. Qe2 g5 16. Bg3 c5 17. Nf1 c4 18. Bc2 h5 19. h4 Ng4 20. hxg5 Qxg5 21. Rad1 Be6 22. Nd2 Qe7 23. Nf3 Bf6 24. Nh2 Qc5 25. Kh1 Kg7 26. Nxg4 hxg4 27. Qe3 Qe7 28. Kg1 Rh8 29. Qb6 {½-½ Brzezina,P (2346)-Baum,J (2404) 100th Ann. Silesian Chess 2024 (7.14)}) ({RR} 14... Qe7 15. Qe2 Qc5 16. Nf1 Bc6 17. Bc2 Nh5 18. Qe3 Qxe3 19. Nxe3 Bf6 20. Bxf6 Nxf6 21. f3 Rfd8 22. Kf2 Kf8 23. Red1 Ke7 24. a4 Rxd1 25. Bxd1 Nd7 26. b4 f6 27. c4 bxc4 28. Rc1 Rb8 29. Rxc4 {1-0 Gadimbayli,A (2507)-Costa,L (2364) 23rd ch-EUR Indiv 2023 (6.78)}) ({RR} 14... Qc8 15. Nf1 Be6 16. Bxf6 Bxf6 17. Ne3 c6 18. Qd6 Re8 19. Rad1 h5 20. Bxe6 Rxe6 21. Qd7 Re7 22. Qxc8+ Rxc8 23. Rd6 Bg5 24. Red1 Rec7 25. Kf1 Kf8 26. Rd7 Ke8 27. Rxc7 Rxc7 28. Ke2 Ke7 29. Nc2 {½-½ Bezzubenkov,S (2200)-Pridorozhni,A (2597) Cheliabinsk Panchenko Memorial op-A 2020 (1)}) 15. Nf1 Be6 16. f3 Nd7 17. Ne3 Rc8 18. Bxe6 Qxe6 19. Qb3 Rfe8 20. Red1 Nc5 21. Qxe6 Rxe6 22. Rd2 Bf8 23. Rad1 c6 24. b3 h5 25. Kf1 Ree8 26. Bf6 Re6 27. Bh4 f6 28. Rd8 Rxd8 29. Rxd8 Kf7 30. Ke2 Be7 31. Rd1 Ke8 32. Bf2 Bf8 33. Nc2 Nb7 34. Nb4 a5 35. Nd3 f5 36. Re1 Bd6 37. Kd2 Kf7 38. exf5 gxf5 39. Bg3 e4 40. Nf4 Rh6 41. Nh3 exf3 42. gxf3 Be7 43. Bf4 Rg6 44. Rg1 Rxg1 45. Nxg1 Nc5 46. Ne2 Ne6 47. Be5 Bg5+ 48. f4 Bd8 49. Ke3 Bb6+ 50. Nd4 Ke7 51. Kd3 Bxd4 52. cxd4 Kd7 53. a4 Nc7 54. Ke3 Nd5+ 55. Kf3 Ke6 56. Kg3 Kf7 57. Kh4 Kg6 58. Bd6 Kh6 59. Bf8+ Kg6 60. Bd6 bxa4 61. bxa4 Nb6 62. Bc7 Nxa4 63. Bxa5 Nb2 64. Bc7 Nd1 65. Bd6 Nc3 66. Bc7 Nd5 67. Be5 Ne3 68. Bc7 Nf1 69. h3 Nd2 70. Be5 Nc4 71. Kg3 Nb6 72. Kh4 Nd5 73. Kg3 Nc3 74. Kf3 Ne4 75. Ke3 Kf7 76. Bb8 Ke6 77. Be5 Kd5 78. Bg7 Kc4 79. Be5 Kd5 80. Bg7 Kc4 81. Be5 Nc3 82. Kf3 Ne4 83. Ke3 Nc3 84. Kf3 Kd3 85. Kg3 Ne2+ 86. Kh4 Ng1 87. Kg5 Nxh3+ 88. Kxf5 Ke3 89. Kg6 Nxf4+ 90. Kg5 Ne6+ 91. Kxh5 Nxd4 92. Bd6 Nf5 93. Bc5+ Ke4 94. Kg4 Kd5 95. Ba7 Nd6 96. Kf3 c5 97. Bxc5 1/2-1/2

[Event "45th FIDE Chess Olympiad Open"]
[Site "Budapest, Hungary"]
[Date "2024.09.12"]
[Round "2"]
[White "Duran Vega, Sergio"]
[Black "Mchedlishvili, Mikheil"]
[Result "0-1"]
[WhiteElo "2308"]
[BlackElo "2574"]
[PlyCount "72"]
[EventDate "2024.??.??"]
[WhiteTeam "Costa Rica"]
[BlackTeam "Georgia"]
[WhiteTeamCountry "CRI"]
[BlackTeamCountry "GEO"]
[WhiteClock "0:00:32"]
[BlackClock "0:03:39"]

1. c4 {Heinicke,Herbert} e5 2. g3 Nf6 3. Bg2 d5 4. cxd5 Nxd5 5. Nf3 Nc6 6. O-O Nb6 7. Nc3 Be7 8. d3 O-O 9. Be3 Bg4 10. a4 ({RR} 10. h3) 10... a5 11. Rc1 ({RR} 11. Nd2 Rb8 12. Bxb6 cxb6 13. Nc4 Be6 14. Bxc6 Bxc4 15. Bb5 Be6 16. Bc4 Bg4 17. Qb3 Bb4 18. Rfc1 h5 19. Rc2 h4 20. Ne4 Rc8 21. Rac1 Rc7 22. Kg2 Bf5 23. f3 h3+ 24. Kf2 Rd7 25. e3 Kh8 {0-1 Malakhatko,V (2603)-Mikhalevski,V (2584) Calvia op 4th 2007 (7)}) ({RR} 11. Nd2 Be6 12. Bxb6 cxb6 13. Nc4 f6 14. b3 Bc5 15. Rb1 Rc8 16. Ne4 Bb4 17. f4 exf4 18. gxf4 Ne7 19. Ng3 Nd5 20. Bxd5 Qxd5 21. f5 Bc5+ 22. e3 Bd7 23. d4 Bc6 24. Rf2 b5 25. axb5 Bxb5 {1-0 Chelushkina,I (2261)-Blagojevic,T (2249) SRB-ch (Women) 12th 2018 (2)}) 11... Bb4 $146 ({RR} 11... f6 12. Qb3+ Kh8 13. Nb5 Nd5 14. Bc5 Ndb4 15. Qc4 Bh5 16. Qh4 Bf7 17. d4 Bxc5 18. Rxc5 Qe7 19. Rc3 Nd5 20. Ra3 e4 21. Nd2 f5 22. Qxe7 Ncxe7 23. Rc1 Rfd8 24. Nc4 Nc6 25. f3 exf3 26. Bxf3 {1-0 Heinicke,H-Rellstab,L Match/City Berlin-Hamburg 6-4 1937 (1.1)}) ({RR} 11... Rc8 12. Nb5 Nd5 13. Bc5 Bxc5 14. Rxc5 Bxf3 15. Bxf3 Ndb4 16. Qc1 Qd7 17. Qe3 Rfe8 18. Rfc1 f6 19. R5c4 Ra8 20. Qe4 g6 21. h4 Kg7 22. Qg4 f5 23. Qg5 h6 24. Qd2 Rad8 25. Qe3 Ra8 26. h5 {1-0 Szabo,L-Pirc,V Christmas Congress 1938/39-19 Premier (6)}) ({RR} 11... Rb8 12. Nb5 Nd5 13. Bc5 b6 14. Bxe7 Ndxe7 15. Rc4 Qd7 16. Qc1 Rbc8 17. Rd1 Rfd8 18. Rd2 f6 19. Ne1 Be6 20. Rc3 Nd4 21. Rxc7 Rxc7 22. Qxc7 Nxb5 23. Qxd7 Bxd7 24. axb5 Bxb5 25. f4 exf4 26. gxf4 {1-0 Kortschnoj,V-Byvshev,V URS-ch26 Semifinal 1958}) 12. Nb5 Nd5 13. Bc5 Re8 14. Nd2 Bxc5 15. Bxd5 Qxd5 16. Nxc7 Qd7 17. Nxe8 Bb4 18. Nxg7 Kxg7 19. f3 Be6 20. Kh1 Rd8 21. Ne4 Qe7 22. g4 Nd4 23. Rg1 Bd5 24. Ng3 Qg5 25. Qf1 Kh8 26. Ne4 Qe3 27. Rg2 Ne6 28. Ng3 Qg5 29. Nf5 Bc6 30. h4 Qf6 31. Rh2 Nd4 32. Ng3 Qf4 33. Ne4 f5 34. gxf5 Nxf5 35. Rxc6 bxc6 36. Rg2 Ne3 0-1

[Event "45th FIDE Chess Olympiad Open"]
[Site "Budapest, Hungary"]
[Date "2024.09.12"]
[Round "2"]
[White "Kacharava, Nikolozi"]
[Black "Valdes Romero, Leonardo"]
[Result "1-0"]
[WhiteElo "2511"]
[BlackElo "2347"]
[PlyCount "73"]
[EventDate "2024.??.??"]
[WhiteTeam "Georgia"]
[BlackTeam "Costa Rica"]
[WhiteTeamCountry "GEO"]
[BlackTeamCountry "CRI"]
[WhiteClock "0:00:37"]
[BlackClock "0:00:42"]

1. e4 e5 2. Nf3 Nf6 3. Nxe5 d6 4. Nf3 Nxe4 5. d4 d5 6. Bd3 Nc6 7. O-O Be7 8. Nbd2 Bf5 9. Re1 Nxd2 10. Qxd2 Bxd3 11. Qxd3 O-O 12. c3 Qd7 ({RR} 12... h6 13. Bf4 Bd6 14. Bg3 Qd7 15. Re3 Rfe8 16. Rae1 Rxe3 17. Rxe3 a6 18. Bxd6 Qxd6 19. Nh4 Qd7 20. Qf5 Rd8 21. Qxd7 Rxd7 22. Re8+ Kh7 23. Rc8 Ne7 24. Rb8 c5 25. Nf3 Nc6 26. Rc8 cxd4 27. Nxd4 {½-½ Karjakin,S (2753)-Mamedyarov,S (2804) Tata Steel-A 80th 2018 (4)}) 13. Bf4 a6 14. Re2 ({RR} 14. Re3 Rae8 15. Rae1 Bd8 16. h4 Rxe3 17. Qxe3 Qf5 18. g3 Nb8 19. Qe5 Qxe5 20. Rxe5 f6 21. Rxd5 c6 22. Rd6 Kf7 23. d5 Bc7 24. dxc6 Bxd6 25. Bxd6 Re8 26. cxb7 Ke6 27. Bf4 Kd5 28. Nd4 g6 {1-0 Caruana,F (2796)-Kuzubov,Y (2606) CrunchLabs Masters PlayIn 2024 (3)}) 14... b5 $146 ({RR} 14... Rae8 15. Rae1 Bd8 16. h3 Rxe2 17. Qxe2 f6 18. Nd2 Rf7 19. Qe8+ Qxe8 20. Rxe8+ Rf8 21. Re2 Kf7 22. Nb3 b6 23. Nc1 Re8 24. Kf1 Rxe2 25. Kxe2 Ne7 26. Nd3 a5 27. a4 Ke6 28. g4 Kd7 29. Bg3 {1-0 Almasi,Z (2640)-Ivanchuk,V (2717) Amber-blindfold 10th rapid 2001 (11)}) ({RR} 14... Rae8 15. Rae1 Bd8 16. h3 Rxe2 17. Qxe2 f6 18. Nd2 a5 19. Qb5 Ne5 20. Qxd7 Nxd7 21. c4 dxc4 22. Nxc4 b6 23. g4 Kf7 24. Kg2 Re8 25. Re3 Nf8 26. d5 Ng6 27. Bg3 Rxe3 28. fxe3 Ke7 29. e4 {1-0 Kulaots,K (2537)-Song,J (2402) FRA-chT Top 16 Gp Basse 2022 (2.1)}) ({RR} 14... Rae8 15. Rae1 Bd8 16. h3 h6 17. a4 Rxe2 18. Rxe2 Re8 19. b4 Rxe2 20. Qxe2 Qe6 21. Qxe6 fxe6 22. a5 Na7 23. Ne1 Nb5 24. Bd2 Be7 25. Nd3 Bd6 26. Kf1 b6 27. g4 Na3 28. Ke2 bxa5 29. bxa5 {1-0 Xu,Y (2507)-Krysa,L (2512) Titled Tuesday intern op 07th Jun Early blitz 2022 (5)}) 15. a4 Rab8 16. axb5 axb5 17. h4 h6 18. h5 Rfc8 19. Ra6 Bf8 20. Bg3 b4 21. c4 b3 22. Qc3 Ne7 23. Ra5 Re8 24. Ra7 Rec8 25. c5 Qb5 26. Re1 Rb7 27. Rxb7 Qxb7 28. Ne5 f6 29. Ng6 Nxg6 30. hxg6 Rb8 31. Qe3 Qc6 32. Qe6+ Qxe6 33. Rxe6 Rc8 34. Re3 f5 35. Rxb3 Be7 36. Rb7 Bd8 37. Be5 1-0

[Event "45th FIDE Chess Olympiad Open"]
[Site "Budapest, Hungary"]
[Date "2024.09.12"]
[Round "2"]
[White "Jimenez Garcia, Emmanuel"]
[Black "Paichadze, Luka"]
[Result "0-1"]
[WhiteElo "2352"]
[BlackElo "2516"]
[PlyCount "84"]
[EventDate "2024.??.??"]
[WhiteTeam "Costa Rica"]
[BlackTeam "Georgia"]
[WhiteTeamCountry "CRI"]
[BlackTeamCountry "GEO"]
[WhiteClock "0:21:13"]
[BlackClock "0:32:01"]

1. Nf3 Nf6 2. c4 e6 3. g3 d5 4. Bg2 d4 5. e3 c5 6. O-O Nc6 7. exd4 cxd4 8. d3 Bd6 9. Bg5 h6 10. Bxf6 Qxf6 11. Nbd2 Qe7 12. Re1 O-O 13. a3 a5 14. Nb3 Qf6 15. Nfd2 Bc7 16. Rb1 e5 17. Nc5 Qe7 18. b4 axb4 19. axb4 Nxb4 20. Rxb4 Qxc5 21. Rb5 Qa7 $146 ({RR} 21... Qa3 22. Ne4 Ba5 23. Rf1 f6 24. Nc5 Bf5 25. Be4 Bxe4 26. Nxe4 Rf7 27. f4 exf4 28. gxf4 Bc7 29. f5 Qa2 30. Rf2 Qa1 31. Qxa1 Rxa1+ 32. Kg2 Be5 33. Nc5 Ra3 34. Rd2 Bf4 35. Rd1 Ra2+ 36. Kf3 {1-0 Herman,D (1925)-Bendayan Claros,A (2200) Titled Tue 13th Aug Early 2024 (8)}) 22. Nb3 Qb8 23. Bd5 Ra3 24. Qf3 b6 25. Kg2 Ba6 26. Rb4 Qd8 27. Nd2 Kh8 28. Rb3 Ra2 29. Qd1 b5 30. Nf3 bxc4 31. dxc4 Qf6 32. Qc1 Bc8 33. Ra3 Rxa3 34. Qxa3 Kg8 35. Qc5 Bd6 36. Qb5 Bf5 37. Nxe5 Bxe5 38. Rxe5 d3 39. Bf3 Be6 40. Re3 d2 41. Rd3 Rd8 42. Qb3 Bh3+ 0-1

[Event "45th FIDE Chess Olympiad Open"]
[Site "Budapest, Hungary"]
[Date "2024.09.12"]
[Round "2"]
[White "Jobava, Baadur"]
[Black "Cabezas Solano, David Alejandro"]
[Result "1-0"]
[WhiteElo "2582"]
[BlackElo "2248"]
[PlyCount "75"]
[EventDate "2024.??.??"]
[WhiteTeam "Georgia"]
[BlackTeam "Costa Rica"]
[WhiteTeamCountry "GEO"]
[BlackTeamCountry "CRI"]
[WhiteClock "0:16:42"]
[BlackClock "0:00:55"]

1. d4 Nf6 2. Nc3 d5 3. Bf4 e6 4. Nb5 Na6 5. e3 Be7 6. Nf3 O-O 7. h4 c6 8. Nc3 Qa5 ({RR} 8... c5 9. Ne5 Nb4 10. h5 h6 11. g4 Nh7 12. Bg2 Bd7 13. O-O Rc8 14. dxc5 Bxc5 15. a3 Nc6 16. Nxd7 Qxd7 17. e4 d4 18. e5 Ng5 19. Ne4 Nxe4 20. Bxe4 d3 21. Qxd3 Qxd3 22. Bxd3 Bd4 23. c3 {½-½ Van Foreest,J (2714)-Giri,A (2773) Oslo Esports Cup rapid 2022 (4.2)}) 9. Nd2 c5 $146 ({RR} 9... Qb6 10. a3 c5 11. Nb5 Bd7 12. a4 Bxb5 13. axb5 Nc7 14. dxc5 Bxc5 15. Bd3 Nxb5 16. Be5 Nd7 17. Bxh7+ Kxh7 18. Qh5+ Kg8 19. Bxg7 Kxg7 20. Qg5+ Kh7 21. Qh5+ Kg7 22. Qg5+ {½-½ Korpa,B (2543)-Kvaloy,A (2487) Lewis Chess Legends Open 2024 (9.3)}) 10. Nb3 Qb6 11. a4 cxd4 12. a5 Qd8 13. exd4 Bd7 14. Bxa6 bxa6 15. h5 h6 16. O-O Qc8 17. Re1 Bb5 18. Re3 Bc4 19. Nd2 Kh8 20. Rg3 Qd8 21. Nxc4 dxc4 22. Be5 Bd6 23. Qf3 Rb8 24. Rb1 Bxe5 25. dxe5 Nh7 26. Qg4 Rg8 27. Ne4 f5 28. exf6 Nxf6 29. Nxf6 Qxf6 30. Qxc4 Rxb2 31. Re1 Rb5 32. Rg6 Qf5 33. g4 Qd5 34. Qf4 Kh7 35. c4 Rb4 36. Qf7 Qd3 37. Rexe6 Rb1+ 38. Kh2 1-0

[Event "45th FIDE Chess Olympiad Open"]
[Site "Budapest, Hungary"]
[Date "2024.09.12"]
[Round "2"]
[White "Peralta, Fernando"]
[Black "Xie, Felix"]
[Result "1-0"]
[WhiteElo "2558"]
[BlackElo "2320"]
[PlyCount "113"]
[EventDate "2024.??.??"]
[WhiteTeam "Argentina"]
[BlackTeam "New Zealand"]
[WhiteTeamCountry "ARG"]
[BlackTeamCountry "NZL"]
[WhiteClock "0:25:51"]
[BlackClock "0:01:44"]

1. d4 Nf6 2. c4 e6 3. Nc3 Bb4 4. e3 O-O 5. Bd3 c5 6. Nge2 d5 7. cxd5 cxd4 8. exd4 Nxd5 9. a3 Ba5 ({RR} 9... Bd6 10. Qc2 h6 11. O-O Nc6 12. Rd1 Nxc3 13. Nxc3 Ne7 14. Qe2 Re8 15. Qe4 Ng6 16. Be3 a6 17. g3 f5 18. Qf3 Rb8 19. Qh5 Ne7 20. d5 e5 21. Ba7 Ra8 22. Bb6 g6 23. Bxd8 gxh5 24. Bb6 {½-½ So,W (2810)-Anand,V (2783) Leon 30th rapid 2017 (2.3)}) 10. Bb1 $146 ({RR} 10. O-O Nc6 11. Bc2 Bc7 12. Qd3 Qh4 13. h3 Rd8 14. Nxd5 Rxd5 15. Be3 Rd8 16. Rac1 Bd7 17. Bb1 Bd6 18. Qe4 Qxe4 19. Bxe4 f5 20. Bf3 Ne7 21. Rfd1 Bc6 22. Bxc6 Nxc6 23. Kf1 Kf7 24. d5 exd5 {½-½ Robson,R (2696)-So,W (2757) American Cup Champ 2024 (2.3)}) ({RR} 10. O-O Nc6 11. Bc2 Bc7 12. Qd3 Qh4 13. h3 Nf6 14. Be3 Rd8 15. Qd2 h6 16. f4 Nd5 17. Bf2 Qf6 18. Rad1 Nxc3 19. bxc3 Ne7 20. g4 Bd7 21. Bg3 g6 22. g5 Qh8 23. f5 Bxg3 24. fxg6 Bd6 {1-0 Robson,R (2696)-Dominguez Perez,L (2749) American Cup Champ 2024 (1.3)}) ({RR} 10. O-O Nc6 11. Bc2 Qh4 12. Nxd5 exd5 13. Nf4 Rd8 14. Be3 g6 15. Bb3 Ne7 16. Rc1 Bb6 17. Qd2 Bf5 18. Ne2 f6 19. Rfe1 Rd7 20. Ng3 Kf7 21. Bf4 Rad8 22. Ba4 Nc6 23. Bxc6 bxc6 24. Nxf5 gxf5 {1-0 Santiago,Y (2449)-Ponomariov,R (2654) CrunchLabs Masters PlayIn 2024 (9)}) 10... Nc6 11. Qd3 f5 12. O-O Nce7 13. Ba2 Bc7 14. Re1 b6 15. Bg5 h6 16. Bxd5 exd5 17. Bxe7 Qxe7 18. Nxd5 Qd6 19. Nxc7 Qxc7 20. d5 Bb7 21. d6 Qc6 22. Nf4 Rad8 23. Qb3+ Kh7 24. Rac1 Rfe8 25. Qf7 Rxe1+ 26. Rxe1 Rxd6 27. Qxf5+ Kg8 28. f3 Qc5+ 29. Qxc5 bxc5 30. Ne6 c4 31. Nc5 Bc6 32. Ne4 Bxe4 33. Rxe4 Rc6 34. Kf1 Kf7 35. Ke1 Rb6 36. Rxc4 Rxb2 37. Kf1 Rb7 38. Rc6 a5 39. Rc5 Ra7 40. a4 Ke6 41. h4 Kf6 42. h5 Ra6 43. Kf2 Ke6 44. Rb5 Kf6 45. g4 Ke6 46. Ke3 Kf6 47. Kd4 g6 48. hxg6 Kxg6 49. Ke4 Ra8 50. Kf4 Rf8+ 51. Kg3 Ra8 52. f4 Ra6 53. Kh4 Kf6 54. Kh5 Kg7 55. Rb7+ Kg8 56. f5 Kh8 57. Re7 1-0

[Event "45th FIDE Chess Olympiad Open"]
[Site "Budapest, Hungary"]
[Date "2024.09.12"]
[Round "2"]
[White "Middelburg, Tom"]
[Black "Krysa, Leandro"]
[Result "1/2-1/2"]
[WhiteElo "2355"]
[BlackElo "2495"]
[PlyCount "82"]
[EventDate "2024.??.??"]
[WhiteTeam "New Zealand"]
[BlackTeam "Argentina"]
[WhiteTeamCountry "NZL"]
[BlackTeamCountry "ARG"]
[WhiteClock "0:01:02"]
[BlackClock "0:26:20"]

1. e4 c5 2. Nf3 e6 3. b3 a6 4. Bb2 Nc6 5. Nc3 d5 6. exd5 exd5 7. d4 Nf6 8. Be2 Be7 9. O-O O-O 10. dxc5 Bxc5 11. Na4 ({RR} 11. h3 Bf5 12. Bd3 Be6 13. Ng5 h6 14. Nxe6 fxe6 15. Kh1 e5 16. f4 e4 17. Be2 d4 18. Na4 Ba7 19. Ba3 Re8 20. Bh5 Nxh5 21. Qxh5 Qf6 22. Bc5 Bxc5 23. Nxc5 Qe7 24. Na4 Rad8 25. Rae1 e3 {1-0 Bowcott-Terry,F (2132)-Ronka,E (2305) Titled Tue 25th Jun Early 2024 (3)}) 11... Ba7 $146 ({RR} 11... Be7 12. Ne5 Qc7 13. Nxc6 Qxc6 14. Bf3 Be6 15. c4 Rad8 16. Rc1 Qd6 17. c5 Qc7 18. Qd4 Ne8 19. Rfd1 Bf6 20. Qb4 Bxb2 21. Nxb2 Nf6 22. Na4 Bd7 23. Nb6 Bc6 24. Rd4 Rfe8 25. Rcd1 Re5 26. g3 {½-½ Panocki,A (2194)-Wojciechowski,P (2214) POL-ch U16 Leba 2006 (6)}) 12. Nd4 Ne5 13. Ne6 Bxe6 14. Bxe5 Rc8 15. c3 Ne4 16. Bd4 Bb8 17. b4 Qg5 18. g3 Bh3 19. f4 Qg6 20. Rf3 Rfe8 21. Rd3 Bf5 22. Bh5 Qc6 23. Re3 Bd6 24. Nb6 Rcd8 25. a4 Bc7 26. a5 Nd6 27. Rxe8+ Rxe8 28. Bg4 f6 29. Bf3 Be4 30. Na4 Nf5 31. Bf2 Nd6 32. Nc5 Bxf3 33. Qxf3 Ne4 34. Bd4 Bd6 35. Nd3 Re7 36. Rd1 h6 37. Nf2 Qc4 38. Qd3 Qc6 39. Re1 Nxf2 40. Bxf2 Rxe1+ 41. Bxe1 Kf7 1/2-1/2

[Event "45th FIDE Chess Olympiad Open"]
[Site "Budapest, Hungary"]
[Date "2024.09.12"]
[Round "2"]
[White "Flores, Diego"]
[Black "Renjith, Sravan"]
[Result "0-1"]
[WhiteElo "2546"]
[BlackElo "2325"]
[PlyCount "82"]
[EventDate "2024.??.??"]
[WhiteTeam "Argentina"]
[BlackTeam "New Zealand"]
[WhiteTeamCountry "ARG"]
[BlackTeamCountry "NZL"]
[WhiteClock "0:25:30"]
[BlackClock "1:06:32"]

1. Nf3 d5 2. d4 Nf6 3. c4 e6 4. g3 c5 5. cxd5 exd5 6. Bg2 Nc6 7. O-O Be7 8. dxc5 Bxc5 9. a3 O-O 10. b4 Be7 11. Bb2 Ne4 12. Nc3 ({RR} 12. Nfd2 Bf6 13. Bxf6 Qxf6 14. Ra2 Bf5 15. e3 Rad8 16. b5 Ne5 17. Qa4 Nc5 18. Qxa7 Qd6 19. Qa5 b6 20. Qb4 Ned3 21. Qh4 h6 22. Nc3 Be6 23. Raa1 Qe5 24. Ne2 Rfe8 25. Nd4 Bd7 26. N2f3 Qd6 {1-0 Martinez Ramirez,L (2450)-Escudero Donoso,F (2035) Titled Tue 19th Mar Early 2024 (1)}) 12... Bf6 13. Rc1 Re8 14. e3 Be6 $146 ({RR} 14... Bf5 15. Qb3 Nxc3 16. Bxc3 Be4 17. Rfd1 Bxc3 18. Qxc3 Rc8 19. Qb2 h6 20. Nh4 Qg5 21. b5 Qe5 22. Qd2 Ne7 23. Nf3 Qd6 24. Qb2 Rxc1 25. Rxc1 Rc8 26. Nd4 Rxc1+ 27. Qxc1 Bxg2 28. Kxg2 a6 29. bxa6 {1-0 Stefansson,H (2600)-Jensson,E (2392) ISL-chT 1516 2015 (4.4)}) 15. Na4 Bxb2 16. Nxb2 Qf6 17. Nd3 Bg4 18. b5 Ng5 19. bxc6 Nxf3+ 20. Bxf3 Bxf3 21. cxb7 Bxd1 22. bxa8=Q Rxa8 23. Rfxd1 d4 24. exd4 Qxd4 25. Nf4 Qb2 26. a4 Qb4 27. Ra1 h6 28. h4 Rc8 29. Nd5 Qe4 30. Ne3 Rb8 31. Rac1 Rb2 32. Rc4 Qf3 33. Rf4 Qb7 34. Rc1 Ra2 35. Nf5 Qd7 36. h5 Rxa4 37. Ne7+ Kh7 38. Rxf7 Qe8 39. Rf5 Qxe7 40. Rd1 Re4 41. Kf1 Re5 0-1

[Event "45th FIDE Chess Olympiad Open"]
[Site "Budapest, Hungary"]
[Date "2024.09.12"]
[Round "2"]
[White "Gong, Daniel Hanwen"]
[Black "Sosa, Tomas"]
[Result "0-1"]
[WhiteElo "2240"]
[BlackElo "2515"]
[PlyCount "62"]
[EventDate "2024.??.??"]
[WhiteTeam "New Zealand"]
[BlackTeam "Argentina"]
[WhiteTeamCountry "NZL"]
[BlackTeamCountry "ARG"]
[WhiteClock "0:05:55"]
[BlackClock "0:10:02"]

1. e4 e5 2. Nf3 Nc6 3. Bc4 Nf6 4. d4 exd4 5. e5 d5 6. Bb5 Nd7 7. O-O Be7 8. Bxc6 bxc6 9. Nxd4 Nb8 10. c4 O-O ({RR} 10... dxc4 11. Be3 c5 12. Nb5 Qxd1 13. Rxd1 Na6 14. Nd2 Be6 15. Na3 O-O-O 16. Naxc4 Nb4 17. Rdc1 Rd5 18. Rc3 Rhd8 19. f4 Rd3 20. Kf2 Kb7 21. h3 Kc6 22. Ke2 Rxc3 23. bxc3 Nd5 24. Rc1 g5 25. fxg5 {0-1 Xiong,J (2659)-Keymer,V (2738) Chessable Masters Div 2 W 2024 (2.4)}) 11. Nc3 dxc4 ({RR} 11... Re8 12. Qf3 Bc5 13. Nb3 Bb4 14. cxd5 Bxc3 15. Qxc3 cxd5 16. Qg3 Qd7 17. f4 Qg4 18. Qc3 Bf5 19. h3 Qg6 20. Kh2 h5 21. Qg3 Qxg3+ 22. Kxg3 f6 23. exf6 gxf6 24. Bd2 Nd7 25. Rac1 Rac8 26. Rfe1 {½-½ Alinasab,M (2340)-Roshka,Y (2471) Ponte de Lima Open 2024 (7.4)}) 12. Be3 c5 13. Qf3 $146 ({RR} 13. Ndb5 Nc6 14. Qd5 Bb7 15. Rfd1 Qc8 16. Qd7 Rd8 17. Qxc7 Qxc7 18. Nxc7 Rab8 19. N7d5 Bf8 20. Bf4 Nb4 21. e6 fxe6 22. Nxb4 cxb4 23. Bxb8 Rxb8 24. Ne2 g5 25. Rac1 Bd5 26. Nd4 Bg7 27. f3 a6 {½-½ Vecera,D (2074)-Shehzad,S (2222) Prague Summer op 9th 2022 (7)}) 13... cxd4 14. Qxa8 dxe3 15. Qxb8 exf2+ 16. Kh1 Bc5 17. Qb5 Bb6 18. Qxc4 Qg5 19. Nd5 Bb7 20. a4 a5 21. Ra3 Re8 22. Nf6+ gxf6 23. Rg3 Rxe5 24. Qh4 Qxg3 25. hxg3 Re1 26. Qc4 Re4 27. Qc2 Re1 28. Qc4 Re5 29. g4 Re4 30. Qc2 Rxg4 31. Kh2 Rxg2+ 0-1